| 000 | 00462 a2200157 4500 | ||
|---|---|---|---|
| 020 | _a0471460540 | ||
| 040 |
_aDLC _bDLC |
||
| 082 | 0 | 0 | _a006.3 |
| 100 | 1 | _aMitra, Sushmita, | |
| 245 | 1 | 0 |
_aData mining: multimedia, soft computing, and bioinformatics _cSushmita Mitra, Tinku Acharya. |
| 260 |
_aHoboken, NJ : _bJohn Wiley, _c2003. |
||
| 300 |
_axviii, 401 p. : _bill. ; _c25 cm. |
||
| 650 | 0 | _aData mining. | |
| 700 | 1 | _aAcharya, Tinku. | |
| 942 |
_cBK _k006.3 MIT _2ddc |
||
| 999 |
_c9897 _d9897 |
||